Egypt revealed : archaeological treasures from the Museum of Fine Arts, Boston

محفوظ في:

المؤلف الرئيسي: San Antonio Museum of Art

مؤلفون آخرون: Gerry D. Scott, Charles Cornell Van Siclen

التنسيق: كتاب

اللغة: Undetermined

منشور في: San Antonio San Antonio Museum of Art 2001

الوسوم: إضافة وسم

لا توجد وسوم, كن أول من يضع وسما على هذه التسجيلة!

رقم الطلب: (P)N5350 .S19

LEADER 00474nam a2200145Ia 4500
008 240503s9999||||xx |||||||||||||| ||und||
020 |a 9781883502102 
050 4 |a (P)N5350 .S19 
100 1 |a San Antonio Museum of Art, 
245 1 0 |a Egypt revealed : archaeological treasures from the Museum of Fine Arts, Boston  
264 1 |a San Antonio  |b San Antonio Museum of Art  |c 2001 
300 |a 36  |c 30 
700 1 |a Gerry D. Scott, Charles Cornell Van Siclen 
942 |2 lcc  |c PT 
999 |c 58274  |d 58274